| 000 | 00759nam a22002177a 4500 | ||
|---|---|---|---|
| 999 |
_c20444 _d20444 |
||
| 003 | AR-CdUCM | ||
| 008 | 190513b ||||| |||| 00| 0 spa d | ||
| 040 |
_aMUNICIPALIDAD PROVINCIAL DEL CUSCO _cBIBLIOTECA MUNICIPAL DEL CUSCO |
||
| 041 | _heng | ||
| 082 |
_a516.6 / _bB45 |
||
| 100 |
_a Bermejo, Herrero, Miguel _942747 |
||
| 245 | _aGeometría descriptiva aplicada / | ||
| 260 |
_aSevilla : _bUrmo, _c1978. |
||
| 300 |
_a223 páginas ; _bfiguras, _c24 cm. |
||
| 505 | _aContenido: Concepto de dibujo técnico -- Proyección cilíndrica -- Sistemas de representación Europeo y Americano... | ||
| 650 |
_aGeometría _918656 |
||
| 650 |
_aIntersección de planos _941687 |
||
| 650 |
_aPlanos de proyección _942748 |
||
| 942 |
_2ddc _cLIBROS |
||
| 945 | _arcc | ||